Reconnaitrez-vous ces chanteurs/euses grace à leur photo ? #3 - Statistiques

Statistiques générales
  • Ce quiz a été pris 98 fois
  • Le résultat moyen est 18 sur 25
Statistiques - réponses
Par images Réponse % Correct
Mika
97%
Stromae
96%
Zazie
94%
Kendji Girac
93%
Jean-Jacques Goldman
92%
Beyoncé
91%
Adele
89%
Slimane
89%
Angèle
86%
Elton John
82%
Justin Bieber
82%
Michel Sardou
82%
Calogero
79%
Britney Spears
77%
Wejdene
73%
Dadju
70%
Katy Perry
70%
Jean-Louis Aubert
69%
Psy
69%
Camila Cabello
66%
Camélia Jordana
60%
Josephine Baker
43%
Imen Es
38%
Ricky Martin
32%
Bonnie Tyler
26%
Aucun quiz correspondant
Distribution des résultats
% des personnes avec chaque résultat
Percentile par nombre de réponses
Votre historique - résultats
Vous n’avez pas pris ce quiz